Komárňanské noviny okresné noviny

Bibliographic Details
New Title:Hlas Komárna
Previous Title:Za lepší život - A Jobbéletért
Nový roľník - Új földművés
Format: Newspaper
Language:Slovak
PhysicalDescription:1 zv. 42 cm
Published: Komárno OV KSS ONV 1960
Subjects:

MARC

LEADER 00000cas a2200000 a 4500
001 vtls010301450
003 SK-MaSNL
005 20260228163229.0
008 110810d19601960xo wr|ne 0 b0slo
040 |a SNK  |b slo  |c SNK  |e AACR2 
041 0 |a slo 
043 |a e-xo--- 
044 |a xo  |c SK 
072 7 |a 316  |x Sociológia  |2 konspekt 
080 |a 316.728  |2 2001 
080 |a 050  |2 2001 
245 0 0 |a Komárňanské noviny  |b okresné noviny 
260 |a Komárno  |b OV KSS  |b ONV  |c 1960 
300 |a 1 zv.  |c 42 cm 
310 |a 1x týždenne 
362 0 |a Roč. I, č. 1 (jan. 1960)-roč. I, č. 12 (apríl 1960) 
500 |a Zodp. red.: Tibor Gunda 
500 |a Vyd.: OV KSS a ONV v Komárne 
500 |a Tlač.: Západoslov. tlačiarne, prev. 14 v Komárne 
500 |a Nadviazal na čas. Za lepší život - A Jobbéletért. Po územnej reorganizácii od 30. apr. 1960, pokračoval pre rozšírený Komárňanský okres pod názvom Hlas Komárna 
650 0 7 |a spoločenský život  |2 SNKPH  |9 28654 
651 7 |a Komárno (Slovensko : okres)  |9 15954 
655 7 |a regionálne periodiká  |2 SNKPH  |9 131775 
700 1 |a Gunda, Tibor  |4 lso  |9 273412 
780 0 0 |t Za lepší život - A Jobbéletért 
780 0 5 |t Nový roľník - Új földművés 
785 0 0 |t Hlas Komárna 
910 |a snk 
916 |a č. 1-12/1960 
999 |c 9060  |d 10990 
952 |0 0  |1 0  |4 0  |7 0  |a SNK  |b SNK  |d 2015-04-21  |f 1  |i snkČSP 1767/61  |l 0  |o snkČSA 593/1/1960  |p 17A0781260  |r 2026-02-21 21:26:28  |t č. 1-12  |w 2026-02-21  |y PREZ  |z od č. 13 zmena názvu na : Hlas Komárna ;